Statystyki dla Wielka Brytania - Państwa

Kliknij tutaj aby rozwiązać quiz!

Ogólne statystyki

  • Ten quiz został rozwiązany 58 razy
  • Średni wynik to 3 z 10

Statystyki odpowiedzi

LataPaństwo% Poprawnych
927-1707Anglia
80%
1707-1800Wielka Brytania
65%
1922-2023Wielka Brytania
65%
527-825Essex
11%
519-927Wessex
11%
1800-1922Wielka Brytania i irlandia
7%
VI w.-918East Anglia
4%
455-871Kent
4%
527-918Mercia
4%
654-954Nortumbia
2%

Rozkład punktacji

Percentyl według liczby udzielonych odpowiedzi

Procent ludzi z każdym wynikiem

Twoja historia wyników

Nie rozwiązałeś tego quizu